| 000 | 00611nam a2200205Ia 4500 | ||
|---|---|---|---|
| 005 | 20250508163652.0 | ||
| 008 | 008 250505s9999 xx 000 0 eng d | ||
| 037 | _aReference | ||
| 040 |
_aFEDL _beng _cFEDL |
||
| 041 |
_aeng _2eng |
||
| 084 |
_a155, MCK _qFEDL |
||
| 100 |
_aMcKinney John Paul _9445805 |
||
| 245 | 0 | _aDeveloment psychology: The adolescent and young adult | |
| 250 | _aRev. Edition | ||
| 260 |
_aChicago, USA _b The Dorsey Press _c1982 |
||
| 300 | _axi,260p | ||
| 700 |
_a Fitzgerald Hiram E Strommen Ellen A _9775934 |
||
| 942 |
_cREF _h155, MCK |
||
| 999 |
_c1384611 _d1384611 |
||